| 000 | 00921 am a2200313 x 4500 | ||
|---|---|---|---|
| 001 | 1185140 | ||
| 008 | 811125s1981 enk w 00110 eng | ||
| 015 | _aB8138356 | ||
| 020 | _a0140444211 | ||
| 049 | 0 | 0 |
_aBL _cBL _d850522 |
| 082 | 0 | 0 |
_a320 _219 |
| 100 | 0 | 0 |
_aAristotle. _91402 |
| 240 | 4 | 0 |
_aPolitica _lEnglish |
| 245 | 1 | 4 |
_aThe politics _cAristotle _ctranslated by T.A. Sinclair |
| 250 | 0 | 0 | _aRev. ed. |
| 260 |
_aHarmondsworth _bPenguin _c1981 |
||
| 300 |
_a506p _c18cm _epbk |
||
| 350 | 0 | 0 | _a£2.50 |
| 490 | 0 | 0 | _aPenguin classics |
| 500 | _aPrevious ed.: 1962 | ||
| 504 | 0 | 0 | _aBibliography: p477-488. - Includes index |
| 546 | 0 | 0 | _aTranslation of: Politica |
| 650 | 0 |
_aPolitical science _xEarly works to 1800. _91403 |
|
| 700 | 1 | 1 |
_aSinclair, T. A. _q(Thomas Alan) _91404 |
| 700 | 1 | 1 |
_aSaunders, Trevor J. _q(Trevor John), _d1934- _91405 |
| 942 |
_2ddc _cBK |
||
| 956 | _aNLS | ||
| 999 |
_c254 _d254 |
||